• 首页
  • 本馆介绍
  • 公告通知
  • 最新文献
  • 馆藏检索
  • 电子资源
  • 读者荐购
  • 参考咨询
  • CALIS
  • 我的图书馆
  • 登录
  • 详细信息显示
  • 放入我的书架
  • 预约/预借图书
  • 作者相关作品
  • 分类相关作品
  • 丛书相关作品
  • 出版社相关作品

书目信息

  • 表格格式
  • 工作单格式
  • 卡片格式
题名:
马术
    
 
作者: 李艳阳 , 蔡猛 主编
分册:  
出版信息:   中国铁道  2007.06
页数: 80页
开本: 30cm
丛书名:
单 册:
中图分类: G882.1
科图分类:
主题词: 体育
电子资源:
ISBN: 978-7-113-07939-0
 
 
 
 
 
000 00645nam0 2200241 45
001 0936078781
005 20091019100250.31
010    @a978-7-113-07939-0@dCNY30.00
100    @a20090515d2007 ekmy0 y0120 ea
102    @aCN@b130000
102    @aCN@b110000
105    @ay z 000yy
200 1  @a马术@f李艳阳,蔡猛主编@Fli yan yang,cai meng zhu bian
210    @c中国铁道@d2007.06
210    @a北京@c中国铁道出版社
215    @a80页@d30cm
606 0  @a体育
690    @aG882.1@v4
701  0 @a李艳阳@Ali yan yang@4主编
701  0 @a蔡猛@Acai meng@4主编
801  0 @aCN@c20091019
905    @a10447@dG882.1@eL310:2
906    @d30@n3@r1
    
    马术/李艳阳,蔡猛主编.-中国铁道,2007.06.-北京:中国铁道出版社
    80页;30cm
    
    
    ISBN 978-7-113-07939-0:CNY30.00
    
●
相关链接 在E读中查询图书 在当当中查询图书 在豆瓣中查询图书


正题名:马术     索取号:G882.1/L310:2         预约/预借

序号 登录号 条形码 馆藏地/架位号 状态 备注
1 656466   206564662   社科库409/409社科库 27排1列2层/ [索取号:G882.1/L310:2] 在馆    
2 656467   206564671   社科库409/409社科库 27排1列2层/ [索取号:G882.1/L310:2] 在馆    
3 656468   206564680   社科库409/409社科库 27排1列2层/ [索取号:G882.1/L310:2] 在馆    
河南城建学院图书馆 欢迎您!
大连网信软件有限公司© 版权所有